CS:GO - All S-Tier Tournaments in 2022 - Statistics

General Stats
  • This quiz has been taken 13 times
    9 since last reset
  • The average score is 105 of 128
Answer Stats
Hint Answer % Correct
Aleksib
100%
alex
100%
apEX
100%
arT
100%
Astralis
100%
Ax1Le
100%
b1t
100%
BIG
100%
blameF
100%
Boombl4
100%
broky
100%
cadiaN
100%
Cloud9
100%
dexter
100%
drop
100%
dupreeh
100%
dycha
100%
electroNic
100%
EliGE
100%
ENCE
100%
faveN
100%
3rd FaZe
100%
flameZ
100%
FURIA
100%
G2
100%
Gambit
100%
gla1ve
100%
hades
100%
HEROIC
100%
HObbit
100%
huNter-
100%
interz
100%
jabbi
100%
JACKZ
100%
jks
100%
k0nfig
100%
4th karrigan
100%
Krimbo
100%
KSCERATO
100%
Liquid
100%
m0NESY
100%
Maden
100%
Magisk
100%
MOUZ
100%
NAF
100%
nafany
100%
Natus Vincere
100%
nexa
100%
NiKo
100%
Ninjas in Pyjamas
100%
OG
100%
Outsiders
100%
Perfecto
100%
1st rain
100%
refrezh
100%
REZ
100%
3-4th ropz
100%
s1mple
100%
saffee
100%
sdy
100%
sh1ro
100%
sjuush
100%
Snappi
100%
Spinx
100%
stavn
100%
SunPayus
100%
syrsoN
100%
tabseN
100%
TeSeS
100%
tiziaN
100%
twist
100%
2nd Twistzz
100%
Vitality
100%
Xyp9x
100%
yuurih
100%
ZywOo
100%
Brollan
80%
chopper
80%
degster
80%
fame
80%
Farlig
80%
FL1T
80%
frozen
80%
hampus
80%
HooXi
80%
Jame
80%
JDC
80%
k1to
80%
magixx
80%
misutaaa
80%
mopoz
80%
Movistar Riders
80%
n0rb3r7
80%
nitr0
80%
oSee
80%
Plopski
80%
Qikert
80%
Spirit
80%
torzsi
80%
xertioN
80%
dav1g
60%
es3tag
60%
F1KU
60%
Patsi
60%
phzy
60%
S1ren
60%
Snax
60%
YEKINDAR
60%
DeathZz
40%
Entropiq
40%
Finest
40%
NEOFRAG
40%
anarkez
20%
birdfromsky
20%
Daffu
20%
ECSTATIC
20%
El1an
20%
FASHR
20%
Forester
20%
Krad
20%
kreaz
20%
Lack1
20%
maNkz
20%
NickelBack
20%
PlesseN
20%
shokz
20%
WolfY
20%
No matching quizzes found
Score Distribution
Percent of People with Each Score
Percentile by Number Answered
Your Score History
You have not taken this quiz since the last reset